000 00301nam a22001337a 4500
008 181016b xxu||||| |||| 00| 0 eng d
020 _a9780192621306
041 _aeng
080 _a610
100 _a4
101 _aSHM
245 _aThe Complete Recovery Room Book
_cHatfield,A
942 _2udc
_cBK
999 _c49918
_d49918